Hodnotenie finančného zdravia podnikov kreatívneho priemyslu

Finančné zdravie slovenských podnikov pôsobiacich vo vybranom odvetví kreatívneho priemyslu v skúmanom období od 2015-2019. Vybrané bolo odvetvie vydávania novín. Predikčná metóda Kralickov rýchly test.

Saved in:
Bibliographic Details
Main Author: Trúchliková, Mária, 1991-
Format: Book Chapter
Language:Slovak
Subjects:
Tags: Add Tag
No Tags, Be the first to tag this record!

MARC

LEADER 00000naa$a2200000$$$4500
001 0274635
005 20240502083836.3
041 0 |a slo 
044 |a CZ 
245 1 0 |a Hodnotenie finančného zdravia podnikov kreatívneho priemyslu  |c Mária Trúchliková 
520 |a Finančné zdravie slovenských podnikov pôsobiacich vo vybranom odvetví kreatívneho priemyslu v skúmanom období od 2015-2019. Vybrané bolo odvetvie vydávania novín. Predikčná metóda Kralickov rýchly test. 
610 2 0 |a zdravie podniku finančné 
610 2 0 |a novinárstvo 
610 2 0 |a noviny 
610 2 0 |a vydavateľstvá 
610 2 0 |a priemysel kreatívny 
100 1 |a Trúchliková, Mária, 1991-